• 首页
  • 本馆介绍
  • 公告通知
  • 最新文献
  • 馆藏检索
  • 电子资源
  • 读者荐购
  • 参考咨询
  • CALIS
  • 我的图书馆
  • 登录
  • 详细信息显示
  • 放入我的书架
  • 预约/预借图书
  • 作者相关作品
  • 分类相关作品
  • 丛书相关作品
  • 出版社相关作品

书目信息

  • 表格格式
  • 工作单格式
  • 卡片格式
题名:
第一桶金怎么赚
    
 
作者: 葛存山 著
分册:  
出版信息: 北京   人民邮电出版社  2014.11
页数: 313页
开本: 23cm
丛书名:
单 册:
中图分类: F724.6
科图分类:
主题词: 电子商务--dian zi shang wu--商业经营--基本知识--中国
电子资源:
ISBN: 978-7-115-37043-3
 
 
 
 
 
000 01279nam0 2200253 450
001 CAL 012014142432
005 20150814101903.93
010    @a978-7-115-37043-3@dCNY49.00
100    @a20141118d2014 km y0chiy50 ea
101 0  @achi
102    @aCN@b110000
105    @aak z 000yy
106    @ar
200 1  @a第一桶金怎么赚@Adi yi tong jin zen me zhuan@e淘宝开店创业致富一册通@f葛存山著
210    @a北京@c人民邮电出版社@d2014.11
215    @a313页@c彩图@d23cm
330    @a本书主要介绍在互联网时代如何开始创业,并以实际的例子说明如何在淘宝网上成功创业。书中从创业准备、创业卖什么、轻松做好开店准备、美化商品照片和装修店铺、促销这样玩才挣钱、淘宝SEO优化排名吸引流量疯涨、钻石展位实现品牌和销量双赢、利用微信推广你的淘宝店铺、直通车精准推广、爆款打造全程揭秘、聚划算团购吸引全民疯狂抢购、抓紧老客户轻松提高转化率、超级大卖家必须掌握的数据分析工具、注册公司与提高网店利润、客服招聘管理与绩效考核、创业者破除融资困局等方面, 全面系统地阐述了淘宝创业的基本理论与实践过程。
517 1  @a淘宝开店创业致富一册通@Atao bao kai dian chuang ye zhi fu yi ce tong
586    @a
606 0  @a电子商务@Adian zi shang wu@x商业经营@x基本知识@y中国
690    @aF724.6@v5
701  0 @a葛存山@Age cun shan@4著
801  0 @aCN@c20150820
905    @a河南城建学院图书馆@dF724.6@eG302@f3
    
    第一桶金怎么赚:淘宝开店创业致富一册通/葛存山著.-北京:人民邮电出版社,2014.11
    313页:彩图;23cm
    
    
    ISBN 978-7-115-37043-3:CNY49.00
    本书主要介绍在互联网时代如何开始创业,并以实际的例子说明如何在淘宝网上成功创业。书中从创业准备、创业卖什么、轻松做好开店准备、美化商品照片和装修店铺、促销这样玩才挣钱、淘宝SEO优化排名吸引流量疯涨、钻石展位实现品牌和销量双赢、利用微信推广你的淘宝店铺、直通车精准推广、爆款打造全程揭秘、聚划算团购吸引全民疯狂抢购、抓紧老客户轻松提高转化率、超级大卖家必须掌握的数据分析工具、注册公司与提高网店利润、客服招聘管理与绩效考核、创业者破除融资困局等方面, 全面系统地阐述了淘宝创业的基本理论与实践过程。
●
相关链接 在E读中查询图书 在当当中查询图书 在豆瓣中查询图书


正题名:第一桶金怎么赚     索取号:F724.6/G302         预约/预借

序号 登录号 条形码 馆藏地/架位号 状态 备注
1 1164311   211643113   社科库409/409社科库 47排3列3层/ [索取号:F724.6/G302] 在馆    
2 1164312   211643122   社科二线422/409社科库 47排3列4层/ [索取号:F724.6/G302] 在馆    
3 1164313   211643131   社科库409/409社科库 47排3列3层/ [索取号:F724.6/G302] 在馆    
河南城建学院图书馆 欢迎您!
大连网信软件有限公司© 版权所有